|
|
|
|
| LEADER |
01255nam a2200349Ia 4500 |
| 001 |
9780203981900 |
| 003 |
FlBoTFG |
| 005 |
20110119191318.0 |
| 006 |
a|||||s||||||||||| |
| 007 |
cr|||| |
| 008 |
110119s1998 enkab sb 001 0 eng d |
| 010 |
|
|
|a 98162496
|
| 020 |
|
|
|a 9780203981900 (e-book : PDF)
|
| 040 |
|
|
|a FlBoTFG
|c FlBoTFG
|d GrThAP
|
| 043 |
|
|
|a e-uk---
|
| 090 |
|
|
|a DA145
|b .W125 1998
|
| 092 |
|
|
|a 936.203
|b W113
|
| 100 |
1 |
|
|a Wacher, J. S.
|
| 245 |
1 |
0 |
|a Roman Britain
|h [electronic resource] /
|c John Wacher.
|
| 250 |
|
|
|a [2nd ed.].
|
| 260 |
|
|
|a Stroud, Gloucestershire :
|b Sutton Pub.,
|c 1998.
|
| 300 |
|
|
|a xv, 320 p. :
|b ill., maps ;
|c 26 cm.
|
| 504 |
|
|
|a Includes bibliographical references (p. 301-306) and index.
|
| 530 |
|
|
|a Also available in print edition.
|
| 533 |
|
|
|a Electronic reproduction.
|b [London, Eng. :
|b Taylor and Francis,
|d 2010].
|n PDF file created from digital scan of print book.
|
| 650 |
|
0 |
|a Romans
|z Great Britain.
|
| 651 |
|
0 |
|a Great Britain
|x History
|y Roman period, 55 B.C.-449 A.D.
|
| 651 |
|
0 |
|a Great Britain
|x Antiquities, Roman.
|
| 655 |
|
7 |
|a Electronic books.
|2 lcsh
|
| 776 |
1 |
|
|z 9780415165792
|
| 776 |
1 |
|
|z 0750914408
|
| 856 |
4 |
0 |
|u http://www.tandfebooks.com/isbn/9780203981900
|z Full Text via HEAL-Link
|